000 01162nam a2200313 a 4500
001 45821
003 BD-RjUL
005 20211209054055.0
008 160728s1992 ii b 001 0 eng
020 _a8171003826 (set) :
_cRs1700.00 ($340.00 U.S.)
020 _a8171009735 (v-1)
020 _a8171009743 (v.2)
020 _a8171009751 (v.3)
035 _a(BD-RjUL)45939
040 _aDLC
_cDLC
_dDLC
_beng
041 _aeng
082 0 0 _a345.0460954
_220
_bENV 1997
245 0 0 _aEnvironment administration, law and judicial attitude /
_cedited by Paras Diwan and Peeyushi Diwan.
250 _a2nd eng. ed.
260 _aNew Delhi :
_bDeep & Deep Publications,
_c1997
300 _a2 v. ;
_c22 cm.
500 _aIncludes indexes.
504 _aIncludes bibliographical references.
505 0 _av. 1. Studies on environment protection, leading cases -- v. 2. Environment protection acts and rules (central and states) -- v. 3 Environment protection acts and rules (central and states) --
650 0 _aEnvironmental law
_zIndia.
_9140136
700 1 _aDiwan, Paras,
_d1924-
_9140137
700 1 _aDiwan, Peeyushi.
_9140138
942 _2ddc
_cBK
999 _c45821
_d45821